00398nam a22001337a 4500003000400000005001700004008004100021040000600062082002300068110001900091245010500110260003900215300001000254OSt20180116182949.0131008b xxu||||| |||| 00| 0 eng d c0 a300.15195 NEW 2005 aL. Andries van aNew Developments in Categorical Data Analysis for the Social and Behavioral SciencescL. Andries van aNew JerseybLawrence Erlbaumc2005 a201p.